| 000 | 01827nam0a2200409 4500 | ||
|---|---|---|---|
| 001 | RU\NLR\bibl\1714518 | ||
| 005 | 20260409073628.0 | ||
| 010 |
_a978-5-370-01660-8 _91000 |
||
| 021 |
_aRU _b2010-91153 _96126 |
||
| 035 | _a(nilc)RSL-KNO-004832686 | ||
| 035 | _a(LIBNET)EL/0000200197 | ||
| 035 | _a(NLR Aleph) 001705532 | ||
| 090 |
_a1247424 _c1247424 |
||
| 100 | _a20080619d2011 |||y0rusy50 ca | ||
| 101 | 0 | _arus | |
| 102 | _aRU | ||
| 105 | _aa ||||||||| | ||
| 200 | 1 |
_aИнформационные системы в экономике _eучебник для студентов высших учебных заведений, обучающихся по специальностям "Финансы и кредит", "Бухгалтерский учет, анализ и аудит". _fГ.Н. Исаев |
|
| 205 | _a4-е изд., стер. | ||
| 210 |
_aМосква _cОМЕГА-Л _d2011 |
||
| 215 |
_a462 с. _cил. _d22 |
||
| 225 | 1 |
_aВысшее экономическое образование _eВЭО |
|
| 300 | _aНа 4-й с. обл. авт.: Г.Н. Исаев - к.т.н., проф. | ||
| 320 | _aБиблиогр.: с. 451-454 (71 назв.) | ||
| 320 | _aАлф.-предм. указ.: с. 455-462 | ||
| 606 |
_aЭкономика _jУчебники для высших учебных заведений _xИнформационные системы _92090732 _3RU\NLR\auth\661265458 |
||
| 686 |
_aУ.в612я73-1 _2rubbk |
||
| 686 | _aУ.в612я73 | ||
| 700 | 1 |
_aИсаев _bГ. Н. _gГеоргий Николаевич _4070 |
|
| 801 | 0 |
_aRU _bАгентство CIP РГБ _c20080619 _grcr |
|
| 801 | 1 |
_aRU _bАгентство CIP РГБ _c20080619 |
|
| 801 | 1 |
_aRU _bRuMoRGB _c20080619 |
|
| 801 | 2 |
_aRU _bNLR _c20101215 _grcr |
|
| 942 | _cBOOK | ||
| 980 | _aNB | ||
| 980 | _aNBR | ||